000 00967nam a2200265 a 4500
001 000021959
005 20200930011523.0
008 100915s2004 sp 000 0 spa d
020 _a8497041321
040 _aDO-SdBNP
_bspa
_cBNPHU
082 _a069.2
_bZ93c
100 1 _aZubiaur Carreño, Francisco Javier
_945541
245 1 0 _aCurso de museología /
_cFrancisco Javier Zubiaur Carreño.
260 _aGijón, España :
_bEdiciones Trea,
_c2004.
300 _a394 ;
_c22 cm.
490 1 _aBiblioteconomía y administración cultural
_v103
500 _aIncluye datos biográficos del autor en la solapa de la cubierta.
500 _aIncluye bibliografía y notas al pie de páginas.
504 _aBibliografía: p.377-394.
650 4 _aMuseografía
_945542
650 4 _aMuseos
_xAdministración de colecciones
_945543
830 0 _aBiblioteconomía y administración cultural
_n103
_945544
910 _aValidado. Control de calidad EMS
049 _aBNPD
999 _c21457
_d21457